000 00829nam a2200253Ia 4500
003 OSt
005 20220925202928.0
006 a|||||r|||| 00| 0
007 ta
008 220923b |||||||| |||| 00| 0 eng d
037 _cGeneral Book
040 _aRTL
_cRTL
_beng
041 _2eng
_aeng
082 _aX723.252.M33<-M00, K0/Th
100 _aGupta Sulekh Chandra
245 0 _aSome aspects of agarian relations in Uttar Pradesh
260 _aDelhi
_bUniversity of Delhi
_c1960
300 _a377p
_ccm.
490 _aUniversity of Delhi, Economics (Deptt. of-), Thesis. Thesis, University of Delhi, Economics (Deptt. of-
650 _a Economics
650 _aLandTaxtation
_9264582
942 _hX723.252.M33<-M00, K0/Th
_cGB
_2CC
999 _c544661
_d544661